000 00485nam a2200193Ia 4500
005 20240823023332.0
008 240823s9999||||xx |||||||||||||| ||und||
020 _a978-0-07-063455-8
041 _aENGLISH
082 _A621.3815 P8
100 _aMillman Jacob et al.
245 0 _aElectronic Devices and Circuits
250 _a2nd
260 _c2008
_b"Tata Mcgraw Hill,New "
500 _aYES
650 _aDevives and circuits
_bElectronics
942 _cBK
999 _c181299
_d181299